000 00668nam a22001697a 4500
003 MACL
005 20160719134831.0
008 160719b xxu||||| |||| 00| 0 eng d
040 _cMACL
041 _aHindi
082 _a800 YAD
100 _aयादव, इन्‍द्रदेव प्रसाद
_964722
245 _aमगही काव्‍य में विरह-वर्णन
_cइन्‍द्रदेव प्रसाद यादव
260 _aवाराणसी
_bकला एवं धर्म शोध संस्‍थान
_c2013
650 _aकाव्‍य समीक्षा
_948818
942 _2ddc
_cHIN
999 _c54452
_d54452